Normal view
MARC view
- Uzair, Muhammad (362016)
Entry Personal Name
001 - CONTROL NUMBER
- control field: 118356
003 - CONTROL NUMBER IDENTIFIER
- control field: NUST
005 - DATE AND TIME OF LATEST TRANSACTION
- control field: 20231004145350.0
008 - FIXED-LENGTH DATA ELEMENTS
- fixed length control field: 231004|| aca||aabn | a|a d
040 ## - CATALOGING SOURCE
- Original cataloging agency: NUST
- Transcribing agency: NUST
100 ## - HEADING--PERSONAL NAME
- Personal name: Uzair, Muhammad (362016)
670 ## - SOURCE DATA FOUND
- Source citation: Work cat.: (NUST): Uzair, Muhammad (362016), A Multi-Criteria Decision Model to Support Sustainable Building Energy Management System with Intelligent Automation /
